| Tag |
First Indicator |
Second Indicator |
Subfields |
| LEADER |
00000cam a2200000Ia 4500 |
| 001 |
in00002367521 |
| 005 |
20210810090459.0 |
| 006 |
m d |
| 007 |
cr cn||||||||| |
| 008 |
080128s2007 gw abf sb 001 0 eng d |
| 020 |
|
|
|a 0387716696
|
| 020 |
|
|
|a 9780387716695
|
| 035 |
|
|
|a (OCoLC)191465495
|
| 035 |
|
|
|a (OCoLC)ocn191465495
|
| 037 |
|
|
|a 978-0-387-71668-8
|b Springer
|n http://www.springerlink.com
|
| 040 |
|
|
|a GW5XE
|c GW5XE
|d UtOrBLW
|
| 049 |
|
|
|a TEFA
|
| 050 |
1 |
4 |
|a QB65
|b .K36 2007eb
|
| 100 |
1 |
|
|a Kanas, Nick,
|d 1945-
|0 http://id.loc.gov/authorities/names/n96800229
|
| 245 |
1 |
0 |
|a Star maps :
|b history, artistry, and cartography /
|c Nick Kanas.
|
| 264 |
|
1 |
|a Berlin ;
|a New York :
|b Springer ;
|a Chichester, UK :
|b Published in association with Praxis Pub.,
|c [2007]
|
| 264 |
|
4 |
|c ©2007
|
| 300 |
|
|
|a xxix, 382 pages, 76 unnumbered pages of plates :
|b illustrations (some color), maps (some color) ;
|c 24 cm.
|
| 336 |
|
|
|a text
|b txt
|2 rdacontent
|
| 337 |
|
|
|a computer
|b c
|2 rdamedia
|
| 338 |
|
|
|a online resource
|b cr
|2 rdacarrier
|
| 490 |
1 |
|
|a Springer-Praxis books in popular astronomy
|
| 500 |
|
|
|a Electronic resource.
|
| 504 |
|
|
|a Includes bibliographical references and index.
|
| 533 |
|
|
|a Electronic reproduction.
|b New York :
|c Springer,
|d 2008.
|n Mode of access: World Wide Web.
|n System requirements: Web browser.
|n Title from title screen (viewed on Jan. 24, 2008).
|n Access may be restricted to users at subscribing institutions.
|
| 650 |
|
0 |
|a Astronomy
|v Charts, diagrams, etc.
|0 http://id.loc.gov/authorities/subjects/sh85009004
|
| 650 |
|
0 |
|a Constellations.
|0 http://id.loc.gov/authorities/subjects/sh85031313
|
| 650 |
|
0 |
|a Stars
|v Atlases
|x History.
|
| 650 |
|
0 |
|a Stars
|v Atlases.
|0 http://id.loc.gov/authorities/subjects/sh85127417
|
| 650 |
|
0 |
|a Stars
|v Charts, diagrams, etc.
|0 http://id.loc.gov/authorities/subjects/sh85127420
|
| 655 |
|
7 |
|a Electronic books.
|2 local
|
| 710 |
2 |
|
|a SpringerLink (Online service)
|0 http://id.loc.gov/authorities/names/no2005046756
|
| 776 |
1 |
|
|c Original
|z 9780387716688
|z 0387716688
|w (DLC) 2007926829
|w (OCoLC)154711851
|
| 830 |
|
0 |
|a Springer-Praxis books in popular astronomy.
|0 http://id.loc.gov/authorities/names/no2001030734
|
| 856 |
4 |
0 |
|u http://proxy.library.tamu.edu/login?url=https://dx.doi.org/10.1007/978-0-387-71669-5
|z Connect to the full text of this electronic book
|t 0
|
| 994 |
|
|
|a C0
|b TEF
|
| 999 |
|
|
|a MARS
|
| 999 |
f |
f |
|s 22d48c3e-e9da-308d-92b0-388c0fd09fb9
|i 25ef9298-dd5d-3364-86c8-39aaf7aa8559
|t 0
|
| 952 |
f |
f |
|a Texas A&M University
|b College Station
|c Electronic Resources
|d Available Online
|t 0
|e QB65 .K36 2007eb
|h Library of Congress classification
|
| 998 |
f |
f |
|a QB65 .K36 2007eb
|t 0
|l Available Online
|